000 00442nam a2200181Ia 4500
001 22575
005 20260414150840.0
008 260414t1999||||xx |||||||||||||| ||spa||
041 _aESP
082 _a621.382
_bR71
100 _aRobertazzi, Thomas G.
_eAUT
245 0 _aPlanning telecommunication networks
_b
260 _c1999
300 _axv, 188 páginas :
_c23 cm.
650 _aTCA
654 _aCET
942 _cLIB
_dJUS
_fJUS
_2ddc
_n
999 _c22575
_d22575